000 00383nam a2200157Ia 4500
008 151213s9999 xx 000 0 und d
100 _aAldous Huxley
245 _aAfter Many a Summer
_cAldous Huxley
250 _a1st
260 _aAustralia
_bPanguing Book
_c1939
300 _a4302 p.
650 _aLiterature
650 _aLiterature
700 _aAldous Huxley
999 _c2716
_d2716